[Event "21st Czech GM Open"]
[Site "Pardubice CZE"]
[Date "2010.07.26"]
[Round "4"]
[White "Danin,A"]
[Black "Vaibhav,S"]
[Result "1-0"]
[WhiteElo "2509"]
[BlackElo "2419"]

1.e4 c5 2.Nf3 e6 3.d4 cxd4 4.Nxd4 Nc6 5.Nc3 Qc7 6.Be2 a6 7.O-O Nf6 8.Be3 Bb4
9.Na4 Be7 10.Nxc6 bxc6 11.Nb6 Rb8 12.Nxc8 Qxc8 13.Bd4 O-O 14.e5 Nd5 15.c4 c5
16.cxd5 cxd4 17.d6 Bg5 18.Qxd4 f6 19.Bd3 Qb7 20.Rab1 fxe5 21.Qxe5 Bf6 22.Qe2 a5
23.Qh5 g6 24.Qxa5 Bxb2 25.Qc7 Qa8 26.Qxd7 Qxa2 27.Qc6 Kh8 28.d7 Qb3 29.Bc4 Qc2
30.Qxe6 Rxf2 31.Qe8+ Kg7 32.Qe7+  1-0

[Event "TCh-CHN"]
[Site "Shanghai CHN"]
[Date "2010.07.26"]
[Round "9"]
[White "Zhang Jilin"]
[Black "Guo Jun"]
[Result "1/2-1/2"]
[WhiteElo "2281"]
[BlackElo "2251"]

1.e4 c5 2.Nf3 e6 3.d4 cxd4 4.Nxd4 Nc6 5.Nc3 Nf6 6.Nxc6 bxc6 7.Bd3 e5 8.O-O Be7
9.b3 O-O 10.Bb2 d6 11.Na4 Re8 12.c4 Bf8 13.Re1 Bb7 14.Qc2 Nh5 15.g3 Qg5 16.Bc1 Qf6
17.Qe2 g6 18.Bb2 Qg5 19.Bc1 Qf6 20.Bb2 Qg5 21.Bc1  1/2-1/2

[Event "Tch-POR 1st Div Final"]
[Site "Vila Nova de Gaia POR"]
[Date "2010.07.26"]
[Round "3.1"]
[White "Fernando,D"]
[Black "Pereira,Rub"]
[Result "1-0"]
[WhiteElo "2484"]
[BlackElo "2449"]

1.e4 c5 2.Nf3 e6 3.Nc3 Nc6 4.d4 cxd4 5.Nxd4 Nf6 6.Ndb5 Bb4 7.a3 Bxc3+ 8.Nxc3 d5
9.Bd3 dxe4 10.Nxe4 Nxe4 11.Bxe4 Qxd1+ 12.Kxd1 Bd7 13.Be3 f5 14.Bd3 e5 15.f3 O-O-O
16.Kc1 e4 17.fxe4 fxe4 18.Be2 Be6 19.Rd1 Rxd1+ 20.Bxd1 Rd8 21.b3 Nd4 22.Kb2 Nf5
23.Bg5 Rd5 24.Bg4 h6 25.Be3 h5 26.Bxf5 Bxf5 27.Bxa7 Rd2 28.Rf1 g6 29.Rf2 Rd1
30.Be3 Re1 31.Bd2 Rd1 32.Kc3 Kd7 33.Be3 Re1 34.Kd4 Kc6 35.Rd2 b5 36.Bf4 Ra1
37.Ke5 Rxa3 38.Rd6+ Kb7 39.Rd5 Kc6 40.Be3 Ra1 41.Rc5+ Kd7 42.Rxb5 Re1 43.Rd5+ Kc6
44.Rc5+ Kb6 45.Bd4 e3 46.Kd6 Rd1 47.c3 Rd2 48.Re5+ Kb7 49.Rxe3 Rxg2 50.Re7+ Kc8
51.Kc6 Kd8 52.Bf6  1-0

[Event "COQ Inv"]
[Site "Montreal CAN"]
[Date "2010.07.27"]
[Round "5"]
[White "Sankalp,M"]
[Black "Guichard,P"]
[Result "0-1"]
[WhiteElo "2177"]
[BlackElo "2320"]

1.e4 c5 2.Nf3 e6 3.d4 cxd4 4.Nxd4 Nc6 5.Nc3 Qc7 6.Be3 a6 7.Qd2 Nf6 8.f3 Ne5
9.O-O-O Bb4 10.Nb3 b5 11.Bd4 Bb7 12.Kb1 Be7 13.Qf2 d6 14.g4 Rc8 15.Bb6 Qb8
16.Ba7 Qa8 17.g5 Nfd7 18.Bd4 b4 19.Na4 Nxf3 20.Qxf3 Bxe4 21.Qh3 Bxc2+ 22.Ka1 Qxh1
23.Rc1 Bxg5 24.Bg2 Qxc1+ 25.Nxc1 Bf5  0-1

[Event "YGM"]
[Site "Biel SUI"]
[Date "2010.07.28"]
[Round "9"]
[White "Negi,P"]
[Black "Vachier Lagrave,M"]
[Result "1/2-1/2"]
[WhiteElo "2615"]
[BlackElo "2723"]

1.e4 c5 2.Nf3 e6 3.d4 cxd4 4.Nxd4 Nc6 5.Nc3 Qc7 6.Be3 a6 7.Qd2 Nf6 8.O-O-O Be7
9.f3 h5 10.Nxc6 bxc6 11.Bf4 e5 12.Bg5 d6 13.Bc4 Be6 14.Bb3 Rd8 15.Qe2 a5
16.Kb1 O-O 17.h3 Qb7 18.g4 d5 19.exd5 Nxd5 20.Bxd5 cxd5 21.Bxe7 Qxe7 22.gxh5 d4
23.Ne4 f5 24.Nd2 Bf7  1/2-1/2

[Event "TCh-MNE Premier League"]
[Site "Cetinje MNE"]
[Date "2010.07.28"]
[Round "5"]
[White "Vuckovic,Bo"]
[Black "Rajkovic,Du"]
[Result "1-0"]
[WhiteElo "2623"]
[BlackElo "2453"]

1.e4 c5 2.Nf3 e6 3.d4 cxd4 4.Nxd4 Nc6 5.Nc3 Qc7 6.Be3 a6 7.Qd2 Nf6 8.O-O-O Be7
9.f3 O-O 10.g4 Ne5 11.g5 Nh5 12.f4 Ng4 13.e5 d6 14.Be2 Nxe3 15.Qxe3 dxe5
16.fxe5 g6 17.Bxh5 gxh5 18.Ne4 Qxe5 19.Nf3 Qf5 20.Nf6+ Bxf6 21.gxf6 e5 22.Nxe5 Qxf6
23.Rhg1+ Kh8 24.Rdf1 Bf5 25.Rg5  1-0

[Event "TCh-MNE Premier League"]
[Site "Cetinje MNE"]
[Date "2010.07.28"]
[Round "5"]
[White "Benderac,S"]
[Black "Potpara,N"]
[Result "1-0"]
[WhiteElo "2323"]
[BlackElo "2035"]

1.e4 c5 2.Nf3 e6 3.d4 cxd4 4.Nxd4 Nc6 5.Nc3 Qc7 6.Be3 a6 7.a3 Nf6 8.f4 d6
9.Nb3 Be7 10.Bd3 b5 11.O-O Bb7 12.Qf3 h5 13.h3 Nd7 14.Rad1 Rc8 15.Ne2 Na5
16.Nxa5 Qxa5 17.f5 e5 18.Ng3 Nf6 19.Bg5 h4 20.Bxf6 Bxf6 21.Nh5 Ke7 22.c3 Qb6+
23.Kh2 a5 24.Nxg7 Rcg8 25.Nh5 Rg5 26.Nxf6 Kxf6 27.Qf2 Qc7 28.Rfe1 Rg3 29.Bxb5 Rhg8
30.Bf1 Ba6 31.Bxa6 Rxg2+ 32.Qxg2 Rxg2+ 33.Kxg2 Qb6 34.Be2 Qe3 35.Bg4 Qg3+
36.Kf1 Qf4+ 37.Kg2 Qg3+ 38.Kh1 Ke7 39.f6+ Kxf6 40.Rxd6+ Ke7 41.Rd7+ Ke8 42.Rdd1 a4
43.Re2 Qf4 44.c4 f5 45.exf5 Qxc4 46.Rxe5+ Kf7 47.Re6 Qc7 48.Bh5+ Kg7 49.f6+ Kh6
50.f7+ Kxh5 51.Rd5+  1-0

[Event "3rd Open"]
[Site "Paleochora GRE"]
[Date "2010.07.28"]
[Round "8"]
[White "Zinchenko,Ya"]
[Black "Bulmaga,I"]
[Result "1-0"]
[WhiteElo "2544"]
[BlackElo "2258"]

1.e4 c5 2.Nf3 e6 3.d4 cxd4 4.Nxd4 Nc6 5.Nc3 Qc7 6.Be2 a6 7.O-O Nf6 8.Be3 Be7
9.f4 d6 10.Kh1 O-O 11.Qe1 Nxd4 12.Bxd4 b5 13.a3 Bb7 14.Qg3 Rad8 15.Rae1 Bc6
16.Bd3 e5 17.fxe5 Nh5 18.Qf2 dxe5 19.Bb6 Qd6 20.Bxd8 Bxd8 21.Rd1 Qh6 22.Bxb5 Bg5
23.Bxc6 Qxc6 24.Nd5 Qh6 25.Rd3  1-0

[Event "21st Czech GM Open"]
[Site "Pardubice CZE"]
[Date "2010.07.28"]
[Round "6"]
[White "Savitskiy,S"]
[Black "Strunski,A"]
[Result "1-0"]
[WhiteElo "2245"]
[BlackElo "2365"]

1.e4 c5 2.Nf3 e6 3.d4 cxd4 4.Nxd4 Nc6 5.Nc3 Qc7 6.f4 a6 7.Nb3 d6 8.Be3 Nf6
9.Qf3 b5 10.O-O-O Bb7 11.Bd3 Rc8 12.Kb1 Be7 13.g4 Nd7 14.g5 Nc5 15.Rhf1 Nb4
16.Nxc5 dxc5 17.f5 Nxd3 18.Rxd3 exf5 19.Qxf5 Rf8 20.Nd5 Bxd5 21.exd5 g6 22.Qe4 Rd8
23.Rf6 Qb7 24.Bxc5 Rd7 25.Rb6 Qa8 26.Qe5  1-0

[Event "21st Czech GM Open"]
[Site "Pardubice CZE"]
[Date "2010.07.28"]
[Round "6"]
[White "Ambartsumova,K"]
[Black "Baron,Ta"]
[Result "1/2-1/2"]
[WhiteElo "2309"]
[BlackElo "2438"]

1.e4 c5 2.Nf3 e6 3.d4 cxd4 4.Nxd4 Nc6 5.Nc3 Nf6 6.Nxc6 bxc6 7.e5 Nd5 8.Ne4 Qc7
9.f4 Qb6 10.c4 Bb4+ 11.Ke2 f5 12.Nf2 Ba6 13.Kf3 Ne7 14.Be3 Bc5 15.Bxc5 Qxc5
16.Qd6 Qa5 17.Be2 g5 18.g3 gxf4 19.gxf4 Ng6 20.Rhd1 Rd8 21.b3 Qb6 22.Rd4 c5
23.Qxb6 axb6 24.Rd6 Bb7+ 25.Ke3 Bc6 26.Bf3 Ne7 27.Bh5+ Kf8 28.Nh3 Nc8 29.Rd2 Ke7
30.Ng5 Rdf8 31.Rad1 h6 32.Nf3 Kd8 33.Rg1 Ne7 34.a4 Rhg8 35.Rgd1  1/2-1/2

[Event "Open"]
[Site "Szombathely HUN"]
[Date "2010.07.28"]
[Round "2"]
[White "Leviczky,T"]
[Black "Flumbort,A"]
[Result "1/2-1/2"]
[WhiteElo "2393"]
[BlackElo "2540"]

1.e4 c5 2.Nf3 e6 3.d4 cxd4 4.Nxd4 Nc6 5.Nc3 d6 6.Be3 Nf6 7.Bc4 Be7 8.O-O O-O
9.a3 d5 10.exd5 exd5 11.Be2 Re8 12.Qd2 Ne5 13.b3 Bd7 14.Nf3 Neg4 15.Bd4 Ne4
16.Qd1 Bf5 17.Bb5 Rf8 18.Ne2 Rc8 19.Bd3 Ngf6 20.Bb2 Bc5 21.Nfd4 Bg6 22.f3 Nd6
23.Kh1 Re8 24.Ng3 Qb6 25.Ndf5 Nxf5 26.Nxf5 d4 27.Re1 Rxe1+ 28.Qxe1 Re8 29.Qd2 Bxf5
30.Bxf5 g6 31.Bd3 Qd6 32.b4 Bb6 33.Re1 Rxe1+  1/2-1/2

[Event "IM"]
[Site "Creon FRA"]
[Date "2010.07.29"]
[Round "6"]
[White "Martin Alvarez,I"]
[Black "Fomichenko,E"]
[Result "1/2-1/2"]
[WhiteElo "2321"]
[BlackElo "2458"]

1.e4 c5 2.Nf3 e6 3.d4 cxd4 4.Nxd4 Nc6 5.Nc3 Qc7 6.Be3 a6 7.Qd2 Nf6 8.O-O-O Bb4
9.f3 Ne5 10.Nb3 b5 11.Bd4 Be7 12.Qg5 Nc6 13.Qxg7 Rg8 14.Qh6 Nxd4 15.Rxd4 e5
16.Rd2 b4 17.Nd5 Nxd5 18.exd5 Bg5 19.Qxh7 Rf8 20.h4 Bxd2+ 21.Nxd2 Bb7 22.Bc4 O-O-O
23.Qf5 Kb8 24.h5 d6 25.Qf6 Rc8 26.Kb1 Ka7 27.h6 Qc5 28.h7 Qf2 29.Qg5 f6 30.Ne4 fxg5
31.Nxf2 Rh8 32.b3 Rc7 33.Ne4 Rcxh7 34.Rxh7 Rxh7 35.Nxg5 Rg7 36.Ne4 Rxg2 37.Nxd6 Rf2
38.Nf7 Rxf3 39.Nxe5 Rf5 40.d6 Kb6 41.Nd7+ Kc6 42.Nb8+ Kxd6 43.Nxa6 Bxa6 44.Bxa6 Kc5
45.Bd3 Rf8 46.Kb2  1/2-1/2

[Event "Open ch-BUL w"]
[Site "Vratsa BUL"]
[Date "2010.07.29"]
[Round "6"]
[White "Sirkova,D"]
[Black "Genova,Ly"]
[Result "0-1"]
[WhiteElo "2109"]
[BlackElo "2260"]

1.e4 c5 2.Nf3 e6 3.d4 cxd4 4.Nxd4 Nc6 5.Nc3 a6 6.Nxc6 bxc6 7.e5 Qa5 8.f4 f5
9.Qd3 Nh6 10.Be2 Be7 11.Bd2 Qc7 12.O-O-O a5 13.Na4 Rb8 14.h3 O-O 15.Be3 Rb4
16.Nc5 Rd8 17.a3 Rb8 18.g4 Kh8 19.Qc4 Ra8 20.Rdg1 a4 21.g5 Ng8 22.Bd3 Qa5
23.c3 Bf8 24.Bc2 Ne7 25.Nxa4 Nd5 26.Bd2 Qb5 27.Qb3 Ba6 28.Kb1 Rdb8 29.Qa2 Qe2
30.Rd1 Bc4 31.Qa1 Bd3 32.Rhe1 Bxc2+ 33.Kxc2 Qc4 34.Qc1  0-1

[Event "Open ch-BUL w"]
[Site "Vratsa BUL"]
[Date "2010.07.29"]
[Round "7"]
[White "Nikolova,A"]
[Black "Genova,Ly"]
[Result "1/2-1/2"]
[WhiteElo "2298"]
[BlackElo "2260"]

1.e4 c5 2.Nf3 e6 3.d4 cxd4 4.Nxd4 Nc6 5.Nc3 a6 6.g3 d6 7.Nxc6 bxc6 8.Bg2 e5
9.O-O Nf6 10.Qd3 Be7 11.Re1 O-O 12.b3 Bb7 13.Na4 Re8 14.c4 c5 15.Nc3 Nd7
16.f4 Bf6 17.Bb2 exf4 18.gxf4 Bd4+ 19.Kh1 Nf8 20.Re2 Qh4 21.Qg3 Ng6 22.Rf1 f5
23.Nd5 Bxb2 24.Rxb2 Bxd5 25.cxd5 Qf6 26.Re2 fxe4 27.Rxe4 Rxe4 28.Bxe4 Re8
29.Bxg6 Qxg6 30.Re1 Rxe1+ 31.Qxe1 Kf7 32.Qd2 Qe4+ 33.Kg1 g6 34.Kf2 Kf6 35.Qc3+ Kf7
36.Qd2 h5 37.a4 h4 38.a5 Qh1 39.Ke3 h3 40.Qe2 Qxd5 41.Qxa6 Qxb3+ 42.Qd3 Qe6+
43.Qe4 Qb3+ 44.Qd3 Qe6+  1/2-1/2

[Event "21st Czech GM Open"]
[Site "Pardubice CZE"]
[Date "2010.07.30"]
[Round "8"]
[White "Maslak,K"]
[Black "Tikkanen,H"]
[Result "1/2-1/2"]
[WhiteElo "2560"]
[BlackElo "2469"]

1.e4 c5 2.Nf3 e6 3.d4 cxd4 4.Nxd4 Nc6 5.Nc3 Qc7 6.Be3 a6 7.Be2 Nf6 8.O-O Be7
9.Kh1 O-O 10.f4 d6 11.Bf3 Rd8 12.Qe1 Nxd4 13.Bxd4 e5 14.Be3 b5 15.a3 Bb7
16.Qg3 Kh8 17.Rad1 Bc6 18.Rd2 a5 19.Nd5 Bxd5 20.exd5 Rab8 21.Re1 e4 22.Bd1 Ne8
23.Bd4 f5 24.Qh3 Qd7 25.Rxe4 fxe4 26.Bg4 Qb7 27.Bf5 Bh4 28.Qxh4 Nf6 29.Bxf6 gxf6
30.Qxf6+ Qg7 31.Qxg7+ Kxg7 32.g3 Re8 33.Re2 Rb7 34.Kg2 b4 35.Bxe4 bxa3 36.bxa3 Rc7
37.Kf3 Rc3+ 38.Re3 Rec8 39.Bd3 Rxa3 40.Re7+ Kf8 41.Rxh7 Rxc2 42.Ke4 Rb2 43.Ba6 Kg8
44.Ra7 Rxh2 45.g4 Ra4+ 46.Kf5 Rf2 47.Ra8+ Kg7 48.Ra7+ Kg8 49.Ra8+ Kg7 50.Ra7+ Kg8  1/2-1/2

[Event "Tch-POR 1st Div Final"]
[Site "Vila Nova de Gaia POR"]
[Date "2010.07.30"]
[Round "5"]
[White "Talla,V"]
[Black "Korneev,O"]
[Result "0-1"]
[WhiteElo "2476"]
[BlackElo "2543"]

1.e4 c5 2.Nf3 e6 3.d4 cxd4 4.Nxd4 Nc6 5.Nc3 Qc7 6.Be3 a6 7.Qd2 Nf6 8.O-O-O Bb4
9.f3 O-O 10.g4 b5 11.Kb1 Bb7 12.g5 Ne8 13.a3 Be7 14.h4 Ne5 15.Bf4 b4 16.axb4 Bxb4
17.h5 Rc8 18.g6 fxg6 19.hxg6 Bxc3 20.Qh2 Rxf4 21.Qxf4 Bb4 22.gxh7+ Kh8 23.Be2 Be7
24.Rh3 Bf6 25.Qh2 Ng6 26.Qxc7 Rxc7 27.Rhh1 Nf4 28.Rhe1 Bxd4 29.Rxd4 Nxe2
30.Rxe2 e5 31.Rd3 Kxh7 32.c4 Kg6 33.Rc2 Kf7 34.b4 Ke7 35.Kb2 g5 36.c5 g4
37.fxg4 Bxe4 38.Re3 Bxc2 39.Rxe5+ Kf6 40.Rxe8 Ba4  0-1

[Event "TCh-MNE Premier League"]
[Site "Cetinje MNE"]
[Date "2010.07.31"]
[Round "8"]
[White "Kovacevic,A"]
[Black "Markus,Rob"]
[Result "1/2-1/2"]
[WhiteElo "2581"]
[BlackElo "2616"]

1.e4 c5 2.Nf3 Nc6 3.d4 cxd4 4.Nxd4 e6 5.Nc3 Qc7 6.Be2 a6 7.O-O Nf6 8.Be3 d6
9.f4 Be7 10.a4 O-O 11.Kh1 Re8  1/2-1/2

[Event "TCh-MNE Premier League"]
[Site "Cetinje MNE"]
[Date "2010.07.31"]
[Round "8"]
[White "Krivokapic,M"]
[Black "Milovic,Aleksandra"]
[Result "1-0"]
[WhiteElo "2433"]
[BlackElo "2193"]

1.e4 c5 2.Nf3 e6 3.d4 cxd4 4.Nxd4 Nc6 5.Nc3 a6 6.Be2 Qc7 7.O-O Nf6 8.Kh1 Nxd4
9.Qxd4 Bc5 10.Qd3 h5 11.Bg5 b5 12.f4 Bb7 13.e5 Ng4 14.Bf3 Bxf3 15.Rxf3 d5
16.exd6 Qxd6 17.Qe2 Qc7 18.Rd1 Be7 19.Bxe7 Qxe7 20.h3 Nf6 21.f5 b4 22.Ne4 Nxe4
23.Qxe4 Rc8 24.fxe6 O-O 25.exf7+ Rxf7 26.Qd5 Rf8 27.Rdf1 h4 28.Kg1 Qa7+ 29.R1f2  1-0

[Event "21st Czech GM Open"]
[Site "Pardubice CZE"]
[Date "2010.07.31"]
[Round "9"]
[White "Klovans,J"]
[Black "Kunte,A"]
[Result "1/2-1/2"]
[WhiteElo "2444"]
[BlackElo "2521"]

1.e4 c5 2.Nf3 e6 3.d4 cxd4 4.Nxd4 Nc6 5.Nc3 Qc7 6.Be2 a6 7.O-O Nf6 8.Be3 Be7
9.f4 d6 10.Kh1 O-O 11.Qe1 Nxd4 12.Bxd4 b5 13.e5 dxe5 14.Bxe5 Qb6 15.Qh4 Bb7
16.Bd3 h6 17.Qg3 Nh5 18.Qg4 Nf6 19.Qg3  1/2-1/2

[Event "Politiken Cup"]
[Site "Copenhagen DEN"]
[Date "2010.08.01"]
[Round "2"]
[White "Bulski,K"]
[Black "Schmied,A"]
[Result "1-0"]
[WhiteElo "2434"]
[BlackElo "2069"]

1.e4 c5 2.Nf3 e6 3.d4 cxd4 4.Nxd4 Nc6 5.Nc3 Qc7 6.Be2 a6 7.O-O Nf6 8.Kh1 Bb4
9.Qd3 b5 10.f4 Nxd4 11.Qxd4 Bc5 12.Qd3 b4 13.e5 bxc3 14.exf6 cxb2 15.Bxb2 g6
16.Rab1 Bb7 17.Ba3 Rb8 18.Bf3 d5 19.Bxd5 Bxd5 20.Rxb8+ Qxb8 21.Bxc5 Qb5 22.Qxb5+ axb5
23.Rb1 Kd7 24.Rxb5 Kc6 25.Ra5 Rb8 26.Bg1 Rb1 27.c4 Be4 28.Rc5+ Kd6 29.Re5 Bc6
30.Re2 Rc1 31.Rd2+ Kc7 32.h3 Rxc4 33.Bd4 Bd5 34.Be5+ Kc6 35.Kg1 Ra4 36.Rc2+ Bc4
37.a3 Kd5 38.Rd2+ Ke4 39.Rd7 Rxa3 40.Rd4+  1-0

[Event "Politiken Cup"]
[Site "Copenhagen DEN"]
[Date "2010.08.01"]
[Round "3"]
[White "Ochsner,B"]
[Black "Brunello,S"]
[Result "0-1"]
[WhiteElo "2165"]
[BlackElo "2488"]

1.e4 c5 2.Nf3 e6 3.d4 cxd4 4.Nxd4 Nc6 5.Nc3 Qc7 6.Be3 a6 7.Qd2 Nf6 8.O-O-O Be7
9.f4 b5 10.e5 b4 11.exf6 bxc3 12.Qxc3 Bxf6 13.g3 Bb7 14.Bg2 Rc8 15.Bxc6 Bxc6
16.Rhe1 O-O 17.Kb1 a5 18.Qd3 Rb8 19.Bd2 Rfc8 20.b3 Bg2 21.Rc1 a4 22.Nb5 Qc5
23.c4 axb3 24.axb3 Bh3 25.b4 Bf5 26.bxc5 Bxd3+ 27.Ka2 Rxc5  0-1

[Event "Tch-POR 1st Div Final"]
[Site "Vila Nova de Gaia POR"]
[Date "2010.08.01"]
[Round "9.1"]
[White "Karim,I"]
[Black "Korneev,O"]
[Result "1/2-1/2"]
[WhiteElo "2355"]
[BlackElo "2543"]

1.e4 c5 2.Nf3 e6 3.d4 cxd4 4.Nxd4 Nc6 5.Nc3 Qc7 6.Be3 a6 7.Be2 Nf6 8.O-O Be7
9.f4 d6 10.a4 O-O 11.Kh1 Re8 12.Bg1 Nxd4 13.Qxd4 e5 14.Qd3 Be6 15.f5 Bd7
16.a5 Rac8 17.Bb6 Qb8 18.Rfd1 Bc6 19.Bf3 Nd7 20.Bf2 Nf6 21.Bb6 Nd7 22.Bf2 Nf6
23.Bb6 Nd7  1/2-1/2

[Event "Politiken Cup"]
[Site "Copenhagen DEN"]
[Date "2010.08.02"]
[Round "4"]
[White "Kaaber-Hansen,Jacob"]
[Black "Petersen,Nil"]
[Result "1/2-1/2"]
[WhiteElo "2232"]
[BlackElo "2053"]

1.e4 c5 2.Nf3 e6 3.d4 cxd4 4.Nxd4 Nc6 5.Nc3 a6 6.Nxc6 bxc6 7.Bd3 d5 8.O-O Nf6
9.Re1 Bb7 10.Qf3 Qc7 11.Bf4 Qd8 12.Rad1 Be7 13.e5 Nd7 14.Qg4 g5 15.Bc1 h5
16.Qe2 Nc5 17.Kh1 Nxd3 18.cxd3 c5 19.f4 gxf4 20.Bxf4 Qd7 21.b3 Bc6 22.Qf2 d4
23.Nb1 Rg8 24.Rg1 O-O-O 25.Nd2 Qb7 26.Nf3 Rg4 27.Bc1 Rdg8 28.Rdf1 R8g7 29.h3 Rg3
30.Bf4 R3g6 31.Kh2 Kd7 32.Qe2 Bd8  1/2-1/2

[Event "Brunei Inv IM2"]
[Site "Bandar Seri Begawan BRU"]
[Date "2010.08.03"]
[Round "7"]
[White "Hj,Azahari Md Aliuddin"]
[Black "Sukandar,I"]
[Result "0-1"]
[WhiteElo "2049"]
[BlackElo "2311"]

1.e4 c5 2.Nf3 Nc6 3.d4 cxd4 4.Nxd4 e6 5.Nc3 d6 6.Be2 Nf6 7.Be3 Be7 8.Qd2 O-O
9.O-O-O a6 10.f3 Qc7 11.g4 b5 12.g5 Nd7 13.Rdg1 Nb6 14.h4 Ne5 15.h5 Bd7 16.f4 Nec4
17.Bxc4 Nxc4 18.Qd3 b4 19.Nd1 Bb5 20.Nxb5 axb5 21.Qb3 Ra4 22.g6 Rfa8 23.gxh7+ Kxh7
24.Bd4 e5 25.Qg3 Bf6 26.h6 g6 27.b3 Rxa2 28.bxc4 exd4 29.f5 g5 30.Rh5 Qxc4
31.Rg2 b3  0-1

[Event "19th Open"]
[Site "Kavala GRE"]
[Date "2010.08.03"]
[Round "5"]
[White "Mamedov,Nid"]
[Black "Yakovich,Yur"]
[Result "1/2-1/2"]
[WhiteElo "2604"]
[BlackElo "2570"]

1.e4 c5 2.Nf3 e6 3.d4 cxd4 4.Nxd4 Nc6 5.Nc3 Qc7 6.Be3 Nf6 7.Qd2 Nxd4 8.Bxd4 e5
9.Be3 Bb4 10.f3 h6 11.Kf2  1/2-1/2

[Event "19th Open"]
[Site "Kavala GRE"]
[Date "2010.08.03"]
[Round "5"]
[White "Zubarev,Al1"]
[Black "Bernal Moro,L"]
[Result "1-0"]
[WhiteElo "2562"]
[BlackElo "2443"]

1.e4 c5 2.Nf3 e6 3.d4 cxd4 4.Nxd4 Nc6 5.Nc3 Qc7 6.Be2 Nf6 7.O-O Be7 8.Kh1 O-O
9.f4 d6 10.Be3 Nxd4 11.Qxd4 b6 12.e5 dxe5 13.fxe5 Nd7 14.Nb5 Qxe5 15.Bf3 Qxb5
16.c4 Bf6 17.cxb5 Bxd4 18.Bxd4 Rb8 19.Rfd1 Bb7 20.Bxg7 Kxg7 21.Rxd7 Bxf3
22.gxf3 Rfd8 23.Rad1 Rxd7 24.Rxd7 Rc8 25.Rxa7 Rc1+ 26.Kg2 Rc2+ 27.Kg3 Rxb2
28.a4 h5 29.Ra6 Rb4 30.Kf2 Kg6 31.Ke3 Kg5 32.Kd3 e5 33.Kc3 Rf4 34.Rxb6 Rxa4
35.Rd6 Ra3+ 36.Kc4 Rxf3 37.b6 Rf1 38.Rd3 Rc1+ 39.Rc3 Rb1 40.Rb3 Rc1+ 41.Kd5 Rc8
42.b7 Rb8 43.Kxe5 f5 44.h4+  1-0

[Event "ch-CRC"]
[Site "San Jose CRC"]
[Date "2010.08.03"]
[Round "7"]
[White "Carvajal Gorgona,J"]
[Black "Zhang,J"]
[Result "1-0"]
[WhiteElo "2186"]
[BlackElo "1811"]

1.e4 c5 2.Nc3 e6 3.Nf3 Nc6 4.d4 cxd4 5.Nxd4 a6 6.Be3 Nf6 7.f3 Bb4 8.a3 Be7
9.g4 h6 10.Nxc6 bxc6 11.e5 Nd5 12.Nxd5 Bh4+ 13.Bf2 Bxf2+ 14.Kxf2 cxd5 15.Qd4 Bb7
16.h4 Rc8 17.Bd3 Qc7 18.g5 hxg5 19.hxg5 Rxh1 20.Rxh1 Qc5 21.Ke3 d6 22.f4 Ke7
23.Rh7 Rg8 24.b4 Qxd4+ 25.Kxd4 Bc8 26.Rh1 Bb7 27.a4 Bc6 28.Bxa6 Bxa4 29.b5 Rb8
30.Rc1 Kd7 31.exd6 Rb6 32.Kc5  1-0

[Event "Arctic Chess Challenge"]
[Site "Tromso NOR"]
[Date "2010.08.03"]
[Round "4"]
[White "Azarov,S"]
[Black "De Haan,E"]
[Result "1-0"]
[WhiteElo "2600"]
[BlackElo "2345"]

1.e4 c5 2.Nf3 e6 3.d4 cxd4 4.Nxd4 Nc6 5.Nc3 Qc7 6.Be2 a6 7.O-O Nf6 8.Be3 Bb4
9.Na4 Be7 10.Nxc6 bxc6 11.Nb6 Rb8 12.Nxc8 Qxc8 13.Bd4 Qc7 14.e5 Nd5 15.b3 a5
16.Qd2 O-O 17.c4 Bb4 18.Qc2 Nf4 19.Bf3 Be7 20.Rad1 f6 21.exf6 gxf6 22.Rfe1 Rf7
23.g3 Ng6 24.Bh5 Rg7 25.Be3 Kh8 26.Bh6 Rgg8 27.Re2 Bc5 28.Qe4 Rb7 29.Qf3 Be7
30.Bc1 a4 31.Bb2 Nf4 32.Re4 Nxh5 33.Qxh5 axb3 34.Rh4 Kg7 35.Bc1  1-0

[Event "49th WJun"]
[Site "Chotowa POL"]
[Date "2010.08.04"]
[Round "2"]
[White "Duda,J"]
[Black "Andersen,Mad"]
[Result "1/2-1/2"]
[WhiteElo "2175"]
[BlackElo "2382"]

1.e4 c5 2.Nf3 e6 3.d4 cxd4 4.Nxd4 Nc6 5.Nc3 Qc7 6.Be2 a6 7.O-O Nf6 8.Be3 Bb4
9.Na4 Be7 10.Nxc6 bxc6 11.Nb6 Rb8 12.Nxc8 Qxc8 13.Bd4 Qc7 14.e5 Nd5 15.c4 Nf4
16.Bf3 O-O 17.g3 Ng6 18.Qe2 f6 19.exf6 Bxf6 20.Bxf6 Rxf6 21.b3 a5 22.Rab1 Qa7
23.Bg2 Qc5 24.Qd2 Ne5 25.Kh1 Rbf8 26.f4 Ng4 27.Bf3 Ne3 28.Rfe1 Nf5 29.Re5 d5
30.Rbe1 Qd4 31.Qxd4 Nxd4 32.Bg4 Kf7 33.Rd1 Nc2 34.Rd2 Nb4 35.Rde2 Re8 36.f5 Nd3
37.Rxe6 Rexe6 38.fxe6+ Ke7 39.Kg1 g6 40.cxd5 cxd5 41.Bh3 d4 42.Bf1 Rf5 43.Bh3 Rc5
44.Rd2 Rc1+ 45.Kg2 Ne5 46.Kf2 d3 47.Ke3 Re1+ 48.Kf2 Rc1 49.Ke3 Re1+ 50.Kf2 Rc1
51.Ke3  1/2-1/2

[Event "Politiken Cup"]
[Site "Copenhagen DEN"]
[Date "2010.08.04"]
[Round "6"]
[White "Bejtovic,J"]
[Black "Macieja,B"]
[Result "0-1"]
[WhiteElo "2382"]
[BlackElo "2639"]

1.e4 c5 2.Nf3 e6 3.d4 cxd4 4.Nxd4 Nc6 5.Nc3 Qc7 6.Be2 a6 7.O-O Nf6 8.Be3 Bb4
9.Na4 O-O 10.Nxc6 bxc6 11.Nb6 Rb8 12.Nxc8 Rfxc8 13.Bxa6 Rf8 14.Bd3 Bd6 15.f4 e5
16.f5 Rxb2 17.g4 Qa5 18.g5 Ne8 19.Kh1 Bc5 20.Bd2 Bb4 21.Bc1 Rxa2 22.Rxa2 Qxa2
23.Qe2 Nd6 24.Qh5 g6 25.Qh6 gxf5 26.Rg1 Qe6 27.exf5 Nxf5 28.Qf6 Nh4 29.c4 d5
30.Bb2 Bd6 31.Qf2 Ng6 32.c5 Bc7 33.Bf5 Qe7 34.h4 Nf4 35.h5 Rd8 36.g6 fxg6
37.hxg6 h6 38.Re1 Qg5 39.Be6+ Kg7 40.Re3 Rf8 41.Rf3 Rf6  0-1

[Event "Politiken Cup"]
[Site "Copenhagen DEN"]
[Date "2010.08.04"]
[Round "6"]
[White "Nielsen,Henn"]
[Black "Lundberg,R"]
[Result "1-0"]
[WhiteElo "2164"]
[BlackElo "2006"]

1.e4 c5 2.Nf3 e6 3.d4 cxd4 4.Nxd4 Nc6 5.Nc3 a6 6.Be3 Nge7 7.g3 Nxd4 8.Qxd4 Nc6
9.Qd2 b5 10.Bg2 Ne5 11.Qe2 Bb7 12.O-O Rc8 13.Rad1 Qa5 14.Bd4 Nc6 15.Be3 d6
16.Rfe1 Be7 17.f4 O-O 18.e5 d5 19.Qf2 Qb4 20.Rd3 Nb8 21.a3 Qc4 22.f5 Bc5
23.Bh3 Bxe3 24.Qxe3 exf5 25.Bxf5 Rce8 26.Rd4 Qc5 27.Bxh7+ Kh8 28.Bd3 Kg8
29.b4 Qe7 30.Nxd5 Bxd5 31.Rxd5 Nc6 32.Rc5 Qe6 33.Qe4  1-0

[Event "Politiken Cup"]
[Site "Copenhagen DEN"]
[Date "2010.08.04"]
[Round "6"]
[White "Aagaard,J"]
[Black "Rej,T"]
[Result "1-0"]
[WhiteElo "2542"]
[BlackElo "2334"]

1.Nf3 c5 2.e4 e6 3.Nc3 Nc6 4.d4 cxd4 5.Nxd4 Nf6 6.g3 Bb4 7.Bg2 O-O 8.O-O a6
9.Nxc6 dxc6 10.e5 Qxd1 11.Rxd1 Nd7 12.Bf4 f6 13.exf6 gxf6 14.Ne4 Kg7 15.Bd6 Bxd6
16.Nxd6 Ne5 17.Re1 Rd8 18.Rad1 Kf8 19.f4 Ng6 20.c4 e5 21.f5 Ne7 22.g4 b5
23.Ne4 Rxd1 24.Rxd1 bxc4 25.Rd8+ Kf7 26.Nd6+ Kg7 27.Re8 Nd5 28.Rxc8 Rxc8
29.Nxc8 Nb4 30.Nd6 Nxa2 31.Nxc4 Nb4 32.h4 c5 33.Be4 h6 34.Kf1 Kf7 35.Na5 Ke8
36.Nc6 Na2 37.Bd5  1-0

[Event "97th ch-GBR"]
[Site "Canterbury ENG"]
[Date "2010.08.05"]
[Round "10"]
[White "Josse,Mar"]
[Black "Dorrington,C"]
[Result "1/2-1/2"]
[WhiteElo "2128"]
[BlackElo "2255"]

1.e4 c5 2.Nc3 Nc6 3.Nf3 e6 4.d4 cxd4 5.Nxd4 Qc7 6.Ndb5 Qb8 7.Be3 a6 8.Bb6 axb5
9.Nxb5 Bb4+ 10.c3 Ba5 11.Nc7+ Kf8 12.Nxa8 Qxa8 13.Qd6+ Nge7 14.Qa3 f5 15.b4 fxe4
16.bxa5 Kf7 17.Be2 Nd5 18.Qc5 Nf4 19.Bf1 Nd5 20.Bc4 Ne5 21.O-O d6 22.Qd4 Nxc4
23.Qxc4 Bd7 24.Qxe4 Bc6 25.Rfe1 Qc8 26.Rad1 h5 27.Be3 Ne7 28.Qd3 Nf5 29.c4 e5
30.Bc1 Qe6 31.Qb3 Qg6 32.c5+ Kf8 33.Qh3 Nd4 34.Kh1 Kf7 35.cxd6 Qxd6 36.Qg3 Re8
37.Bb2 Ba4 38.Rd2 Qh6 39.Qe3 Qf6 40.Rc1 Nf5 41.Qf3 Bc6 42.Qxh5+ g6 43.Qh7+ Ng7
44.Rdc2 Ra8 45.Rc5 Qxf2 46.Rxc6 bxc6 47.Bxe5 Rg8 48.Qh3 Re8 49.Qb3+ Ne6 50.Qc4 Kg8
51.Qxc6 Ng7 52.Qd5+ Kh7 53.h3 Qe3 54.Rc5 Rf8 55.Rc7 Rf1+ 56.Kh2 Qg1+ 57.Kg3 Qf2+
58.Kh2 Qg1+ 59.Kg3 Qf2+ 60.Kg4 Qf5+  1/2-1/2

[Event "49th WJun"]
[Site "Chotowa POL"]
[Date "2010.08.05"]
[Round "3"]
[White "Arenas,D"]
[Black "Diamant,A"]
[Result "1-0"]
[WhiteElo "2364"]
[BlackElo "2518"]

1.e4 c5 2.Nf3 e6 3.d4 cxd4 4.Nxd4 Nc6 5.Nc3 Qc7 6.Be3 a6 7.Be2 Nf6 8.O-O Bb4
9.Na4 Bd6 10.g3 b5 11.Nb6 Rb8 12.Nxc6 Qxc6 13.Bf3 Be5 14.Nxc8 Rxc8 15.c3 O-O
16.Re1 Rfe8 17.Bg2 d5 18.exd5 Nxd5 19.Bxd5 exd5 20.Qb3 Bf6 21.Red1 Rcd8 22.Rd3 h5
23.Rad1 h4 24.Rxd5 h3 25.Kf1 Rc8 26.Qb4 Qe6 27.Qf4 b4 28.cxb4 Rc2 29.Qf5 Qc6
30.Qxh3 Qc4+ 31.Kg1 Qe2 32.Bc5 Rxb2 33.a4 Bc3 34.Rd8 Bxb4 35.Qh4 Rd2 36.Rxe8+ Qxe8
37.Rxd2 Bxd2 38.Qd4 Qe2 39.Kg2 Bg5 40.h4 Bf6 41.Qd7 Qe4+ 42.Kh2 Qc4 43.Be3 Kh7
44.Kg2 Qe4+ 45.Kf1 Qc4+ 46.Kg1 Kg8 47.Kh2 Kh7 48.Qf5+ Kg8 49.a5 Qc6 50.Qd3 g6
51.Bb6 Qc8 52.Qd5 Kg7 53.h5 Qh8 54.Kg2 Qxh5 55.Qc4 Qe5 56.Qxa6 Qd5+ 57.Kg1 Bc3
58.Qf1 f5 59.Qc1 Qb3 60.a6 Qxb6 61.Qxc3+ Kh7 62.Qc8 Qb1+ 63.Kh2 Qf1 64.Qd7+ Kh6
65.Qd4 Kh7 66.a7 Qa6 67.Qh4+ Kg7 68.Qe7+ Kh6 69.Qf8+  1-0

[Event "Politiken Cup"]
[Site "Copenhagen DEN"]
[Date "2010.08.05"]
[Round "7"]
[White "Baklan,V"]
[Black "Rasmussen,A"]
[Result "0-1"]
[WhiteElo "2638"]
[BlackElo "2510"]

1.e4 c5 2.Nf3 e6 3.Nc3 Nc6 4.d4 cxd4 5.Nxd4 Qc7 6.g3 a6 7.Bg2 d6 8.O-O Bd7
9.Nb3 b5 10.a3 Nf6 11.Kh1 Be7 12.f4 Rb8 13.Qe2 O-O 14.g4 Bc8 15.g5 Nd7 16.f5 Re8
17.Qf2 Nce5 18.Nd4 Bf8 19.Bf4 g6 20.fxe6 fxe6 21.Nxe6 Rxe6 22.Bxe5 Rxe5 23.Bh3 Qd8
24.Nd5 Bg7 25.Nb4 Bb7 26.Rad1 Nc5  0-1